| 000 | 00616nam a22002052 4500 | ||
|---|---|---|---|
| 001 | 0000000243 | ||
| 005 | 20151021151042.0 | ||
| 008 | 070117s xx 000 0 eng d | ||
| 020 |
_a0070530475 : _cKES 3,200 |
||
| 040 |
_aKABU _cKABU |
||
| 100 | 1 |
_aRose, Kenneth H. _@0000160954 |
|
| 245 | 1 | 0 |
_aDiscrete mathematics and its applications / _cKenneth H. Rose. |
| 250 | _a5th ed. | ||
| 260 |
_aNew Delhi : _bTata McGraw-Hill, _c2003. |
||
| 300 | _axxi, 787 [108] p. | ||
| 650 | 0 |
_aMathematics. _@0000148159 |
|
| 908 | _a070117 | ||
| 950 | _@1 | ||
| 999 |
_c106 _d106 |
||